000 00657nam a2200205Ia 4500
003 IN-BaIIA
008 211028s9999 xx 000 0 eng d
040 _cIIA Library
080 _a083.7:621.882.14
_bISI
110 _aIndian Standards Institution
245 0 _aIndian standard dimensions for nominal lengths and thread for bolts screws and studs
_cIndian Standards Institution
260 _aNew Delhi
_bIndian Standards Institution
_c1967
300 _a6p.
500 _aIS 4206 : 1967
650 _a Standards 
650 _a Thread Lengths Bolts
_99353
650 _a Thread Lengths-Screws 
_99354
650 _aNASA Thesaurus 
942 _cBK
999 _c5367
_d5367